Postmethod Pedagogy and English Language Teaching in Bangladesh : (Record no. 84081)
[ view plain ]
| 000 -LEADER | |
|---|---|
| fixed length control field | 00930nam a2200241 a 4500 |
| 001 - CONTROL NUMBER | |
| RUCL Control Number | 84081 |
| 003 - CONTROL NUMBER IDENTIFIER | |
| rucl marc code | BD-RjUL |
| 005 - DATE AND TIME OF LATEST TRANSACTION | |
| control field | 20241006104319.0 |
| 008 - FIXED-LENGTH DATA ELEMENTS--GENERAL INFORMATION | |
| fixed length control field | 241006s2019 bg a|||| m||| 00| 0 eng d |
| 035 ## - SYSTEM CONTROL NUMBER | |
| system control number | (BD-RjUL)84081 |
| 040 ## - CATALOGING SOURCE | |
| Original cataloging agency | BD-RjUL |
| Language of cataloging | eng |
| Transcribing agency | BD-RjUL |
| Modifying agency | BD-RjUL |
| 041 ## - LANGUAGE CODE | |
| Language code of Book | eng |
| 082 ## - DEWEY DECIMAL CLASSIFICATION NUMBER | |
| DDC Edition number | 23 |
| Classification number | 370.095492 |
| Author mark and Year | AHP 2019 |
| 100 ## - MAIN ENTRY--PERSONAL NAME | |
| Personal name | Ahsan, Mohsina |
| 9 (RLIN) | 13720 |
| 245 10 - TITLE STATEMENT | |
| Title | Postmethod Pedagogy and English Language Teaching in Bangladesh : |
| Remainder of title | Challenges and Potentials / |
| Statement of responsibility, etc | By Mohsina Ahsan ; |
| Name of Supervisor/Co-Supervisor | Supervisor : M. Shahidullah |
| 260 ## - PUBLICATION, DISTRIBUTION, ETC. (IMPRINT) | |
| Place of publication, distribution, etc | Rajshahi : |
| Name of publisher, distributor, etc | Institute of Bangladesh Studies, University of Rajshahi, |
| Date of publication, distribution, etc | 2019 |
| 300 ## - PHYSICAL DESCRIPTION | |
| Pagination | xxii, 282 Leaves : |
| Other physical details | ill, ; |
| Dimensions | 29 cm. |
| 502 ## - DISSERTATION NOTE | |
| Dissertation note | Thesis (Ph. D.) -- Institute of Bangladesh Studies, University of Rajshahi, 2019 |
| 504 ## - BIBLIOGRAPHY, ETC. NOTE | |
| Bibliography, etc | Bibliography : Leaves [251]-261 |
| 650 ## - SUBJECT ADDED ENTRY--TOPICAL TERM | |
| Topical term or geographic name as entry element | Education |
| Form subdivision | Pedagogy |
| Geographic subdivision | Bangladesh |
| 9 (RLIN) | 13721 |
| 700 ## - ADDED ENTRY--SUPERVISOR/CO-SUPERVISOR NAME | |
| Personal name | Shahidullah, M. Supervisor |
| 9 (RLIN) | 9164 |
| 942 ## - ADDED ENTRY ELEMENTS (KOHA) | |
| Source of classification or shelving scheme | Dewey Decimal Classification |
| Koha item type | Theses |
| Source of classification or shelving scheme | Damaged status | Not for loan | Collection code | Permanent Location | Current Location | Shelving location | Date of accession | Source of acquisition | Total Checkouts | Full call number | Barcode | Date last seen | Copy number | Thesis |
|---|---|---|---|---|---|---|---|---|---|---|---|---|---|---|
| Dewey Decimal Classification | Not For Loan | Theses | Central Library, University of Rajshahi | Central Library, University of Rajshahi | Documentation Section | 18/01/2023 | Controller of Exam. R.U. | THE 370.095492 AHP 2019 | D4599 | 06/10/2024 | C-I | Theses |